000 00888nam a2200193Ia 4500
999 _c64125
_d64125
005 20240530110716.0
008 140319s2005 ua a 000 0 ara d
040 _aGCL /
_cGCL
082 0 4 _221
_a341.778\
_bأ م
100 0 _aايمن عبدالعزيز محمد سلامة
245 1 2 _aالمسئولية الدولية عن ارتكاب جريمة الابادة الجماعية :
_bدراسة لنيل درجة دكتور فى الحقوق /
_cايمن عبدالعزيز محمد سلامة ؛ محمد السعيد عبدالجواد الدقاق .
250 _aط.1
260 _aالقاهرة
300 _a432 ص. ؛
_c24 سم.
650 0 7 _2qrmak
_aالابادة الجماعية
650 0 7 _2qrmak
_aالابادة الجماعية
_xقوانين وتشريعات
700 0 _aمحمد السعيد عبدالجواد الدقاق
_eمشرف
942 _2ddc
_cBK